Toutes les zones de la trilogie Dark Souls - Statistiques

Statistiques générales
  • Ce quiz a été pris 194 fois
  • Le résultat moyen est 27 sur 99
Statistiques - réponses
Jeu Réponse % Correct
Dark Souls Anor Londo
87%
Dark Souls III Anor Londo
87%
Dark Souls Sanctuaire de Lige-feu
86%
Dark Souls Les Catacombes
72%
Dark Souls Village des Mort-vivants
71%
Dark Souls Forteresse de Sen
60%
Dark Souls Les Abysses
58%
Dark Souls Paroisse des Mort-vivants
58%
Dark Souls Kiln de la Première Flamme
56%
Dark Souls III Kiln de la Première Flamme
56%
Dark Souls Tombeau des Géants
56%
Dark Souls Les Archives du Duc
53%
Dark Souls Profondeurs
53%
Dark Souls Refuge Nord des Mort-vivants
53%
Dark Souls Ruines de la Nouvelle Londo
52%
Dark Souls III Sanctuaire de Lige-feu
52%
Dark Souls Hameau du crépuscule
51%
Dark Souls II Majula
51%
Dark Souls Izalith la perdue
49%
Dark Souls Jardin de Noiresouche
48%
Dark Souls III Château de Lothric
44%
Dark Souls Monde peint d'Ariamis
44%
Dark Souls Bassin de Noiresouche
42%
Dark Souls III Bastion de Farron
42%
Dark Souls Caverne de cristal
40%
Dark Souls Ruines démoniaques
40%
Dark Souls III Cathédrale des Profondeurs
39%
Dark Souls III Monde peint d'Ariandel
38%
Dark Souls III Catacombes de Carthus
37%
Dark Souls Vallée des drakes
37%
Dark Souls Domaine de Quelaag
36%
Dark Souls III Grand mur de Lothric
36%
Dark Souls III Capitale profanée
34%
Dark Souls Lac cendré
34%
Dark Souls III Capharnaüm des confins
31%
Dark Souls III Cimetière des cendres
31%
Dark Souls III Cité enclavée
31%
Dark Souls III Irithyll de la Vallée boréale
31%
Dark Souls III Route des sacrifices
31%
Dark Souls II Forteresse de Fer
29%
Dark Souls III Grandes archives
29%
Dark Souls III Donjon d'Irithyll
27%
Dark Souls III Lac incandescent
27%
Dark Souls II Château de Drangleic
24%
Dark Souls Ville d'Oolacile
24%
Dark Souls III Jardin du Roi illuminé
23%
Dark Souls II Forteresse oubliée
21%
Dark Souls II Le Dépotoir
21%
Dark Souls II Bosquet des chasseurs
20%
Dark Souls II Tour des Flammes de Heide
20%
Dark Souls Forêt royale
20%
Dark Souls III Pic du Dragon ancien
20%
Dark Souls II Ravin noir
20%
Dark Souls II Sanctuaire d'Amana
20%
Dark Souls III Camp de Mort-vivants
19%
Dark Souls Gouffre des abysses
19%
Dark Souls Sanctuaire d'Oolacile
19%
Dark Souls III Sépultures oubliées
19%
Dark Souls Grande carcasse
18%
Dark Souls II Forêt des Géants défunts
17%
Dark Souls II Quai de la désolation
17%
Dark Souls II Aiguille de Terre
16%
Dark Souls II Beffroi de la Lune
16%
Dark Souls II Cathédrale Bleue
16%
Dark Souls II Éminence du péché
16%
Dark Souls II L'Orée
16%
Dark Souls II Vallée des Récoltes
16%
Dark Souls II Beffroi du Soleil
15%
Dark Souls II Forteresse d'Aldia
14%
Dark Souls II Tombe des Saints
14%
Dark Souls II Tour de brume
14%
Dark Souls II Trône du Désir
13%
Dark Souls II Portes de Pharros
12%
Dark Souls II Carrière de Vivepierre de Tseldora
11%
Dark Souls Jardin du sanctuaire
11%
Dark Souls II Passage du Roi
11%
Dark Souls II Sanctuaire draconique
11%
Dark Souls II Bois de l'ombre
10%
Dark Souls II Crypte des Morts-vivants
10%
Dark Souls II Purgatoire des Morts-vivants
10%
Dark Souls II Eleum Loyce la glaciale
9%
Dark Souls II Passage de fer
9%
Dark Souls II Sanctuaire du dragon
9%
Dark Souls II Aire du Dragon
8%
Dark Souls II Lisière gelée
8%
Dark Souls II Souvenir de Jeigh
8%
Dark Souls II Ancien chaos
6%
Dark Souls II Sanctuaire de l'hiver
6%
Dark Souls II Grotte des morts
6%
Dark Souls II Repos du dragon
6%
Dark Souls II Shulva, la cité-sanctuaire
6%
Dark Souls II Mémoire du roi
5%
Dark Souls II Souvenir d'Orro
4%
Dark Souls II Chambre privée du Seigneur
3%
Dark Souls II Gouffre obscur millénaire
3%
Dark Souls II Grande cathédrale
3%
Dark Souls II Mémoire du vieux roi de fer
3%
Dark Souls II Souvenirs draconiques
3%
Dark Souls II Souvenir de Vammar
2%
Aucun quiz correspondant
Distribution des résultats
% des personnes avec chaque résultat
Percentile par nombre de réponses
Votre historique - résultats
Vous n’avez pas pris ce quiz